000 00337nam a22001457a 4500
008 230629b ||||| |||| 00| 0 eng d
020 _a9780683404470
041 _aeng
080 _2THIRD EDITION
_a61
082 _a61HUT
100 _a4
101 _aMJP
245 _aWRITING AND PUBLISHING IN MEDICINE
_cHUTH.J.E
942 _2udc
_cBK
999 _c60060
_d60060